<?xml version="1.0" encoding="UTF-8"?>
<collection xmlns="http://www.loc.gov/MARC21/slim">
<record>
  <controlfield tag="001">135762</controlfield>
  <controlfield tag="005">20260217205546.0</controlfield>
  <datafield tag="024" ind1="7" ind2=" ">
    <subfield code="2">doi</subfield>
    <subfield code="a">10.1186/s12875-024-02391-8</subfield>
  </datafield>
  <datafield tag="024" ind1="8" ind2=" ">
    <subfield code="2">sideral</subfield>
    <subfield code="a">138736</subfield>
  </datafield>
  <datafield tag="037" ind1=" " ind2=" ">
    <subfield code="a">ART-2024-138736</subfield>
  </datafield>
  <datafield tag="041" ind1=" " ind2=" ">
    <subfield code="a">eng</subfield>
  </datafield>
  <datafield tag="100" ind1=" " ind2=" ">
    <subfield code="a">Gallego-Royo, Alba</subfield>
    <subfield code="u">Universidad de Zaragoza</subfield>
  </datafield>
  <datafield tag="245" ind1=" " ind2=" ">
    <subfield code="a">Quality and safety actions in primary care practices in COVID-19 pandemic: the PRICOV-19 study in Spain</subfield>
  </datafield>
  <datafield tag="260" ind1=" " ind2=" ">
    <subfield code="c">2024</subfield>
  </datafield>
  <datafield tag="506" ind1="0" ind2=" ">
    <subfield code="a">Access copy available to the general public</subfield>
    <subfield code="f">Unrestricted</subfield>
  </datafield>
  <datafield tag="520" ind1="3" ind2=" ">
    <subfield code="a">Background: Primary Health Care (PHC) has been key element in detection, monitoring and treatment of COVID-19 cases in Spain. We describe how PHC practices (PCPs) organized healthcare to guarantee quality and safety and, if there were differences among the 17 Spanish regions according to the COVID-19 prevalence. Methods: Cross-sectional study through the PRICOV-19 European Online Survey in PCPs in Spain. The questionnaire included structure and process items per PCP. Data collection was due from January to May 2021. A descriptive and comparative analysis and a logistic regression model were performed to identify differences among regions by COVID-19 prevalence (low &lt; 5% or high ≥5%). Results: Two hundred sixty-six PCPs answered. 83.8% of PCPs were in high prevalence regions. Over 70% PCPs were multi-professional teams. PCPs attended mainly elderly (60.9%) and chronic patients (53.0%). Regarding structure indicators, no differences by prevalence detected. In 77.1% of PCPs administrative staff were more involved in providing recommendations. Only 53% of PCPs had a phone protocol although 73% of administrative staff participated in phone triage. High prevalence regions offered remote assessment (20.4% vs 2.3%, p 0.004) and online platforms to download administrative documents more frequently than low prevalence (30% vs 4.7%, p &lt; 0.001). More backup staff members were hired by health authorities in high prevalence regions, especially nurses (63.9% vs 37.8%, p &lt; 0.001. OR:4.20 (1.01-8.71)). 63.5% of PCPs provided proactive care for chronic patients. 41.0% of PCPs recognized that patients with serious conditions did not know to get an appointment. Urgent conditions suffered delayed care in 79.1% of PCPs in low prevalence compared to 65.9% in high prevalence regions (p 0.240). A 68% of PCPs agreed on having inadequate support from the government to provide proper functioning. 61% of high prevalence PCPs and 69.5% of low ones (p: 0.036) perceived as positive the role of governmental guidelines for management of COVID-19. Conclusions: Spanish PCPs shared a basic standardized PCPs’ structure and common clinical procedures due to the centralization of public health authority in the pandemic. Therefore, no relevant differences in safety and quality of care between regions with high and low prevalence were detected. Nurses and administrative staff were hired efficiently in response to the pandemic. Delay in care happened in patients with serious conditions and little follow-up for mental health and intimate partner violence affected patients was identified. Nevertheless, proactive care was offered for chronic patients in most of the PCPs.</subfield>
  </datafield>
  <datafield tag="536" ind1=" " ind2=" ">
    <subfield code="9">info:eu-repo/grantAgreement/ES/DGA/B21-23R-GAIAP</subfield>
    <subfield code="9">info:eu-repo/grantAgreement/ES/ISCIII/PI22-01070</subfield>
  </datafield>
  <datafield tag="540" ind1=" " ind2=" ">
    <subfield code="9">info:eu-repo/semantics/openAccess</subfield>
    <subfield code="a">by</subfield>
    <subfield code="u">https://creativecommons.org/licenses/by/4.0/deed.es</subfield>
  </datafield>
  <datafield tag="590" ind1=" " ind2=" ">
    <subfield code="a">2.6</subfield>
    <subfield code="b">2024</subfield>
  </datafield>
  <datafield tag="591" ind1=" " ind2=" ">
    <subfield code="a">PRIMARY HEALTH CARE</subfield>
    <subfield code="b">7 / 28 = 0.25</subfield>
    <subfield code="c">2024</subfield>
    <subfield code="d">Q1</subfield>
    <subfield code="e">T1</subfield>
  </datafield>
  <datafield tag="591" ind1=" " ind2=" ">
    <subfield code="a">MEDICINE, GENERAL &amp; INTERNAL</subfield>
    <subfield code="b">70 / 332 = 0.211</subfield>
    <subfield code="c">2024</subfield>
    <subfield code="d">Q1</subfield>
    <subfield code="e">T1</subfield>
  </datafield>
  <datafield tag="592" ind1=" " ind2=" ">
    <subfield code="a">1.073</subfield>
    <subfield code="b">2024</subfield>
  </datafield>
  <datafield tag="593" ind1=" " ind2=" ">
    <subfield code="a">Medicine (miscellaneous)</subfield>
    <subfield code="c">2024</subfield>
    <subfield code="d">Q1</subfield>
  </datafield>
  <datafield tag="593" ind1=" " ind2=" ">
    <subfield code="a">Family Practice</subfield>
    <subfield code="c">2024</subfield>
    <subfield code="d">Q1</subfield>
  </datafield>
  <datafield tag="594" ind1=" " ind2=" ">
    <subfield code="a">4.1</subfield>
    <subfield code="b">2024</subfield>
  </datafield>
  <datafield tag="655" ind1=" " ind2="4">
    <subfield code="a">info:eu-repo/semantics/article</subfield>
    <subfield code="v">info:eu-repo/semantics/publishedVersion</subfield>
  </datafield>
  <datafield tag="700" ind1=" " ind2=" ">
    <subfield code="a">Sebastián Sánchez, Inés</subfield>
  </datafield>
  <datafield tag="700" ind1=" " ind2=" ">
    <subfield code="a">Sanz-Astier, Leticia-Ainhoa</subfield>
  </datafield>
  <datafield tag="700" ind1=" " ind2=" ">
    <subfield code="a">Peris-Grao, Antoni</subfield>
  </datafield>
  <datafield tag="700" ind1=" " ind2=" ">
    <subfield code="a">Freixenet-Guitart, Nuria</subfield>
  </datafield>
  <datafield tag="700" ind1=" " ind2=" ">
    <subfield code="a">Maderuelo-Fernández, José Ángel</subfield>
  </datafield>
  <datafield tag="700" ind1=" " ind2=" ">
    <subfield code="a">Magallón-Botaya, Rosa</subfield>
    <subfield code="u">Universidad de Zaragoza</subfield>
    <subfield code="0">(orcid)0000-0002-5494-6550</subfield>
  </datafield>
  <datafield tag="700" ind1=" " ind2=" ">
    <subfield code="a">Oliván-Blázquez, Bárbara</subfield>
    <subfield code="u">Universidad de Zaragoza</subfield>
    <subfield code="0">(orcid)0000-0001-6565-9699</subfield>
  </datafield>
  <datafield tag="700" ind1=" " ind2=" ">
    <subfield code="a">Van Poel, Esther</subfield>
  </datafield>
  <datafield tag="700" ind1=" " ind2=" ">
    <subfield code="a">Willems, Sara</subfield>
  </datafield>
  <datafield tag="700" ind1=" " ind2=" ">
    <subfield code="a">Ares-Blanco, Sara</subfield>
  </datafield>
  <datafield tag="700" ind1=" " ind2=" ">
    <subfield code="a">Astier-Peña, María Pilar</subfield>
  </datafield>
  <datafield tag="710" ind1="2" ind2=" ">
    <subfield code="1">4009</subfield>
    <subfield code="2">740</subfield>
    <subfield code="a">Universidad de Zaragoza</subfield>
    <subfield code="b">Dpto. Psicología y Sociología</subfield>
    <subfield code="c">Área Psicología Social</subfield>
  </datafield>
  <datafield tag="710" ind1="2" ind2=" ">
    <subfield code="1">1007</subfield>
    <subfield code="2">610</subfield>
    <subfield code="a">Universidad de Zaragoza</subfield>
    <subfield code="b">Dpto. Medicina, Psiqu. y Derm.</subfield>
    <subfield code="c">Area Medicina</subfield>
  </datafield>
  <datafield tag="773" ind1=" " ind2=" ">
    <subfield code="g">24 (2024), 286 [12 pp.]</subfield>
    <subfield code="t">BMC Primary Care</subfield>
    <subfield code="x">2731-4553</subfield>
  </datafield>
  <datafield tag="856" ind1="4" ind2=" ">
    <subfield code="s">963427</subfield>
    <subfield code="u">http://zaguan.unizar.es/record/135762/files/texto_completo.pdf</subfield>
    <subfield code="y">Versión publicada</subfield>
  </datafield>
  <datafield tag="856" ind1="4" ind2=" ">
    <subfield code="s">2365228</subfield>
    <subfield code="u">http://zaguan.unizar.es/record/135762/files/texto_completo.jpg?subformat=icon</subfield>
    <subfield code="x">icon</subfield>
    <subfield code="y">Versión publicada</subfield>
  </datafield>
  <datafield tag="909" ind1="C" ind2="O">
    <subfield code="o">oai:zaguan.unizar.es:135762</subfield>
    <subfield code="p">articulos</subfield>
    <subfield code="p">driver</subfield>
  </datafield>
  <datafield tag="951" ind1=" " ind2=" ">
    <subfield code="a">2026-02-17-20:38:21</subfield>
  </datafield>
  <datafield tag="980" ind1=" " ind2=" ">
    <subfield code="a">ARTICLE</subfield>
  </datafield>
</record>
</collection>